000 01011nam a22003255b 4500
001 446
003 DO-SdBPM
005 20250610131415.0
007 446
008 950710s1996 sp a | |||| ||spa
017 _a
_b
020 _a8424131835
040 _aDO-SdBPM
_bspa
_cBPMSU
_e
082 _a863.6
_bA347u 1996
_222
100 1 _aAlcántara, Ricardo
_d1946-
245 1 0 _aUn viaje en tren /
_cRicardo Alcántara ; ilustraciones Chiara Cerrer
_h
250 _a
260 _aLeón, España :
_bEditorial Everest,
_c1996
300 _a47 p. :
_bil. ;
_c20 cm
490 0 _aMontaña encantada;
_aPrimeros lectores,
_v
590 _aInventariado, 2025/VM
600 _2
650 4 _aCuentos infantiles uruguayos
650 4 _a Ferrocarriles
_v Cuentos infantiles
650 4 _a Transporte ferroviario
_vCuentos infantiles
650 _aLiteratura infantil uruguaya
700 1 _aCarrer, Chiara
_d1952-
910 _aVMateo V. Control de calidad. BPMSU
942 _2ddc
_cBK
999 _c15144
_d15144